The original 6 avengers and their real names (MCU) - Statistics

General Stats
  • This quiz has been taken 207 times
  • The average score is 10 of 12
Answer Stats
Hint Answer % Correct
real name Tony Stark
96%
Iron Man
95%
Captain America
91%
Hulk
88%
Thor
88%
real name Thor
88%
Black Widow
87%
real name Steve Rogers
85%
real name Bruce Banner
81%
Hawkeye
77%
real name Natasha Romanoff
72%
real name Clint Barton
70%
No matching quizzes found
Score Distribution
Percent of People with Each Score
Percentile by Number Answered
Your Score History
You have not taken this quiz